00589nam a2200169Ia 4500008004100000041001200041082001600053100002300069245006700092260004000159300000800199650000800207700001100215942000700226999001500233952017100248221030s9999 xx 000 0 und d aEnglish a105.23bBha aS. K. Bhattacharya 0aElectronics and Instrumentationcby S. K. Bhattacharya, R. Vig bS.K Kataria & SonsaNew Delhic2000 a597 aECE aR. Vig cBK c8600d8600 pBE 837g150.00l0o105.23 Bhar2024-06-13 00:00:00w2022-10-30yBK003Print4070aMIETLIBbMIETLIBcBL-Academic Block- A, FL-1, CUP-13, SH-2, R-2d2000-01-2910HBE